| 000 | 00341nam a2200097Ia 4500 | ||
|---|---|---|---|
| 008 | 220204s9999 xx 000 0 und d | ||
| 082 |
_a339.1 _bIND |
||
| 245 | 0 | _aFunctions and activities of the department of commercial intelligence and statistics - 1963 | |
| 260 |
_aCalcutta _bDept of Commercial Intelligence and Statistics _c1963 |
||
| 942 | _cBK | ||
| 999 |
_c21631 _d21631 |
||